000 00775nam a2200217 i 4500
001 96660
003 ES-MaACL
005 20230906181944.0
007 t|
008 050629s1952 sp |||| | spa d
100 1 _aMallea, Eduardo.
_975799
245 1 0 _aTodo verdor perecerá /
_cEduardo Mellea ; prólogo de Guillermo de la Torre.
260 _aMadrid :
_bAguilar,
_c1952.
300 _a492 p., 1 lám. retr. aut. ;
_c12 cm.
490 1 _aCrisol ;
_v372
505 8 _aContiene: ;
_tSonata de soledad ;
_tConfesión ;
_tLa causa de Jacobo Uber, perdida ;
_tLa rosa de Cernobio ;
_tLa celebración ;
_tLa razón humana
700 1 _aTorre, Guillermo de (
_d1900-1971)
_9110740
830 0 _aCrisol ;
_v372
_9180848
852 _aES-MaACL
_jD-8402
999 _c96660
_d96660